Регионална библиотека "Любен Каравелов" - Русе

Библиотека "Хорова самодейност" (Запис номер 304822)

MARC детайли
000 -Лидер
Контролно поле с фиксирана дължина 03000ncm a2200469 c 4500
003 - Код на организацията, давaща контролен номер
Контролно поле BLK
005 - Дата и час на последна редакция
Контролно поле 20180421003513.0
008 - Елементи от данни с фиксирана дължина
fixed length control field 180414b bul |a|er|||| |0| c|bulo|
010 ## - Наследен системен номер
LC control number NOT00001680000
040 ## - Източник на каталожния запис
Идентификатор на билиотеката - собственик на записа BLK
041 ## - Код за език
Код за езика на текст/звукозапис или на отделно заглавие Български
Код за езика КДБФ Български
080 ## - УДК
Текстов определител УДК Смесен хор
УДК код - определител по УДК 78.087.684
УДК определител
УДК - код + определител 78.087.684
080 ## - УДК
Текстов определител УДК Хор, женски
УДК код - определител по УДК 78.087.682
УДК определител
УДК - код + определител 78.087.682
080 ## - УДК
Текстов определител УДК Музика а капела. Вокална музика без съпровод
УДК код - определител по УДК 784.1
УДК определител
УДК - код + определител 784.1
139 ## - Редно поле
Редна дума Библиотека "Хорова самодейност"
Авторски знак Би - Б 44
245 10 - Сведения за заглавието
Заглавие Библиотека "Хорова самодейност"
Том Кн. 3
257 ## - Страна на издаване
Страна на създаване/издаване България
260 ## - Област на издателските данни
-- София
Име на издателя, разпространителя и проч. Наука и изкуство
Година на издаване 1965 -
300 ## - Физическа характеристика
Размери/Мащаб 28 см
380 ## - Жанр
Жанр Изкуство
500 ## - Общи забележки
Забележка К-т по култ. и изк. Центр. дом за нар. творчество
500 ## - Общи забележки
Забележка Забележка към том: Год. 1(IX)
505 ## - Форматирана забележка
Подзаглавни данни За четиригл. смесен хор : Прил. са тригласен и двугласен еднор. хор
Авторската отговорност Веселин Добровски; текст Стоян Етърски.
Заглавие Вей се, знаме алено
505 ## - Форматирана забележка
Подзаглавни данни За смесен хор и пиано : Прил. са тригласен и двугласен еднор. хор
Авторската отговорност Илия Славов Драганов; текст Станислав Вихров.
Заглавие Първомайска песен
505 ## - Форматирана забележка
Подзаглавни данни За четиригл. смесен хор : Прил. са тригласен и двугласен еднор. хор
Авторската отговорност Александър Тодоров Танев; текст Иван Минчов Вазов.
Заглавие Да работим
505 ## - Форматирана забележка
Подзаглавни данни Из мотета Пер ла кваресима : За четиригл. смесен хор : Диригентски бережка от Георги Робев
Авторската отговорност Алесандро Скарлати.
Заглавие Оферторио
505 ## - Форматирана забележка
Подзаглавни данни За четиригл. смесен хор
Авторската отговорност Петко Мечков; текст Кирил Христов.
Заглавие Месечинко
505 ## - Форматирана забележка
Подзаглавни данни За смесен хор и пиано
Авторската отговорност Георги Тимев; текст Николай Лилиев.
Заглавие Знам сърдечен свиден кът
505 ## - Форматирана забележка
Подзаглавни данни За соло мецосопран, смесен хор и пиано : Прил за тригл. хор
Авторската отговорност Цветан Цветанов; текст Иван Генов.
Заглавие Мой град, мой хубав град
650 #4 - Допълнително описание по предмет – тема
Основно описание – тема или топоним Хор - смесен
9 (RLIN) 315616
650 #4 - Допълнително описание по предмет – тема
Основно описание – тема или топоним Хор - женски
9 (RLIN) 315614
650 #4 - Допълнително описание по предмет – тема
Основно описание – тема или топоним Хор - еднороден
9 (RLIN) 361823
653 ## - Ключова дума – ненормативна
Ключова дума смесени хорове
653 ## - Ключова дума – ненормативна
Ключова дума женски хорове
653 ## - Ключова дума – ненормативна
Ключова дума еднородни хорове
760 1# - Описание на основната серия
-- на том/Т.3/
Поясняваща информация 37 с.
Място на издаване, издател и година София, Наука и изкуство, 1965
Страници - том 37 с.
Забележка - том Год. 1(IX)
Заглавие Кн. 3
852 ## - Местоположение
Форматна сигнатура Цб М ІІ 4384
Част 7
856 4# - Електронен адрес и достъп
Електронен формат pdf - файл
Път до файла /url/
856 4# - Електронен адрес и достъп
Електронен формат pdf - файл
Път до файла /url/
942 ## - АРТИКУЛИ
Вид на библиотечния материал Нотни издания
Скрит в OPAC Не
944 ## - СЪЗДАВАНЕ И РЕДАКЦИЯ на ЗАПИСА
Създаване/Редакция Създаване
Дата на регистрацията/редакция
Служител, извършил регистрацията/редакцията Ирена_Линкова
944 ## - СЪЗДАВАНЕ И РЕДАКЦИЯ на ЗАПИСА
Създаване/Редакция Редакция
Дата на регистрацията/редакция 20.10.2008
Служител, извършил регистрацията/редакцията
999 ## - СИСТЕМНИ КОНТРОЛНИ НОМЕРА
Koha biblionumber 304822
Koha biblioitemnumber 304822
Наличности
Код за отписване Код за изгубен артикул Код за повреда Коз за рестрикции Код за отдаване Артикулен № Име на библиотеката - собственик Име на библиотеката, в която се намира в момента Статус (Текущо местоположение) Дата на вписване в системата Местоположение - отдел Цена в лева Инвентарен номер Систематично азбучна сигнатура Баркод Номер на екземпляра Цена в евро Служебна бележка Служебен тип на артикула Източник на класификационната схема
Изтеглен Не е изгубен Не е повреден без рестрикции ползва се в читалня 656543 Регионална библиотека "Любен Каравелов" Русе Регионална библиотека "Любен Каравелов" Русе Хранилище 2004-09-23 Основен фонд - ползва се само за читалня 0.40 170000003170 Цб М II 4384 170000003170 1 0.20 Дост: DA Вид: А N: 25 Дата: 21.09.2004 Нотни издания  
  Не е изгубен Не е повреден само за читалня ползва се в читалня 777782 Регионална библиотека "Любен Каравелов" Русе Регионална библиотека "Любен Каравелов" Русе Хранилище 2020-06-21 Хранилище 0.40 10756/65 Цб М II 4384 900000019668   0.20   Нотни издания Universal Decimal Classification
Vip Innovations Ltd, Rousse, Bulgaria 2025